|
|
|
|
| LEADER |
01254nam a2200361 4500 |
| 001 |
000006556 |
| 003 |
2714 |
| 005 |
20110914100935.0 |
| 008 |
110914s2004 viesd |
| 020 |
|
|
|c 000đ
|
| 041 |
0 |
|
|a vie
|
| 082 |
|
|
|a 373.1951
|b Vân
|
| 245 |
|
0 |
|a Một số vấn đề về đổi mới phương pháp dạy học
|b Môn: Toán
|b Lớp 8
|c Nhóm tác giả: Tôn Thân; Lê Văn Hồng...
|
| 260 |
|
|
|a H.
|b Hà Nội
|c 2004
|
| 300 |
|
|
|a 84 tr
|b bảng
|c 24 cm
|
| 490 |
|
|
|a Bộ Giáo dục và Đào tạo
|
| 500 |
|
|
|a Lưu hành nội bộ
|
| 653 |
|
|
|a Phương pháp dạy học
|
| 653 |
|
|
|a Trường Trung học cơ sở
|
| 653 |
|
|
|a Giáo dục
|
| 653 |
|
|
|a Toán
|
| 700 |
|
|
|a Tôn Thân...
|e Tác giả
|
| 910 |
|
|
|a Nguyễn Thị Kim Oanh
|d 14/09/2011
|
| OWN |
|
|
|a LSP
|
| AVA |
|
|
|a UDN50
|b LSP
|d 373.1951 Vân
|e available
|t Error 5001 Not defined in file expand_doc_bib_avail.
|f 1
|g 0
|h N
|i 0
|k 1
|
| 999 |
|
|
|a From the UDN01
|
| AVA |
|
|
|a UDN50
|b LSP
|d 373.1951 Vân
|e available
|t Error 5001 Not defined in file expand_doc_bib_avail.
|f 1
|g 0
|h N
|i 0
|k 1
|
| TYP |
|
|
|a Monograph
|
| TYP |
|
|
|a Printed language
|
| 980 |
|
|
|a Mạng thư viện Đại học Đà Nẵng
|